000 01462nam a2200265 i 4500
005 20251108191215.0
008 250906s2022 ua ||||gr|||| 00| 0 ara d
020 _a9789774550867
040 _aJO-AmGAM
_erda
041 1 _aara
082 1 4 _a658.456
_bب ي ي
100 1 _aبييمو، آن
_eمؤلف.
245 1 0 _aفن إعداد الأحداث و الاجتماعات بنجاح /
_cتأليف آن بييمو ؛ إعداد قسم الترجمة بدار الفاروق.
246 1 0 _aيعرض الكتاب كل ما يضمن لعملية عقد الإجتماعات والأحداث النجاح الكامل بداية من تحديد معايير اختيار مكان عقد الإجتماع أو الحدث ومرورًا بما يجب عمله من إجراءات التسجيل وما يجب تفاديه بهذا الصدد ووصولاً إلى ما يجب أن تشتمل عليه مفاوضات منظم الاجتماع مع الجهات المسئولة.
250 _aالطبعة العربية الثانية.
264 3 1 _aالقاهرة :
_bدار الفاروق للاستثمارات الثقافية،
_c2022.
300 _a215 صفحة.
336 _2rdacontent
_aنص
_btxt
337 _2rdamedia
_aدون وسيط عرض
_bn
338 _2rdacarrier
_aمجلد
_bnc
650 1 7 _aالإجتماعات.
710 2 _aقسم الترجمة بدار الفاروق
_eمعد.
942 _2ddc
_cBK
999 _c247133
_d247133